000 00665nam a2200217 4500
003 OSt
005 20240718014733.0
006 a
008 240718b |||||||| |||| 00| 0 eng d
020 _a0256081204
040 _aDWCL-Main lib.
_cOC
082 _2Sixth edition
_aCirc. 658.1511 G242m 1991
100 _aGarrison, Ray H.
245 _aManagerial accoutning: concepts for planning, control, decision making /
250 _aSixth edition
260 _aHomewood, Ill. :
_bIrwin,
_cc1991.
300 _axxii,
_b810 p. : ill. ;
_c26 cm.
504 _aIncludes index.
650 _a1. Managerial accounting.
942 _2ddc
_n0
_cBK-CIRC
_eSixth edition
_kCirc.
999 _c2343
_d2343